000 00818nam a2200229Ii 4500
003 JO-AjNU
008 230605s9999||||xx |||||||||||||| ||und||
017 _a1998/7/1085
020 _a9957-07-005-3
040 _aJO-AjNU
_bara
_erda
_cJO-AjNU
041 _aara
050 1 4 _aQP303.Q27 1998
100 3 _aحسين ، قاسم حسن/ م مشارك ايمان شاكر محمود ,
_eauthor
_942517
245 0 0 _aمبادئ الاسس الميكانيكية للحركات الرياضيه
250 _aط1
264 3 1 _aعمان:دار الفكر ، 1998
300 _a332ص
336 _atext
_btxt
_2rdacontent
337 _aunmediated
_bn
_2rdamedia
338 _avolume
_bnc
_2rdacarrier
650 4 _aالالعاب الرياضية -التدريب الرياضي- جوانب فسيولوجية
_942518
999 _aA18211
_c21779
_d21779